000 00448nam a2200145Ia 4500
008 100122s9999 xx 000 0 und d
082 _b26441
_a821
100 _aअमृतराय
245 _aकवितासंग्रह
260 _bतुकाराम जावजी प्रकाशन
_c1910
300 _a188
630 _aकवितासंग्रह
730 _aकवितासंग्रह
942 _cBOOK
999 _c412912
_d412909